Представление документа в формате MARC21

Поле Инд. ПП Название Значение
Тип записи a
Библиографический уровень b
001 Контрольный номер DU/597857153
005 Дата корректировки 20200630193221.9
008 Кодируемые данные 20140701
040 b Код языка каталог. rus
e Правила каталог. PSBO
041 0_ a Код языка текста rus
084 a Индекс другой классификации/Индекс ББК 65.240.59-24
100 1_ a Автор Демьянова А. В.
q Полное имя Демьянова Анна Владимировна
100 1_ a Автор Лукьянова А. Л.
q Полное имя Лукьянова Анна Львовна
245 10 a Заглавие Низкий уровень занятости в России - результат дискриминации?
504 a Библиография Лит. в конце статьи
520 0_ a Аннотация Исследование проводилось на данных РМЭЗ НИУ ВШЭ. Оценивался эффект дискриминации по статусу инвалида в сфере занятости на российском рынке труда: по пенсиям и льготам, по самоотбору в инвалидность, по физическим барьерам, а также по дискриминации по заработной плате. Показано, что механизмы социальной политики слабо способствуют поддержке занятости инвалидов.
650 14 a Основная рубрика трудовые ресурсы
a Основная рубрика экономика
a Основная рубрика экономика труда
a Основная рубрика экономический анализ
653 1_ a Ключевые слова дискриминация в сфере труда
a Ключевые слова дискриминация инвалидов
a Ключевые слова дифференциация заработных плат
a Ключевые слова доходы населения
a Ключевые слова занятость
a Ключевые слова занятость инвалидов
a Ключевые слова заработная плата
a Ключевые слова инвалиды
a Ключевые слова льготы инвалидам
a Ключевые слова непараметрические декомпозиции
a Ключевые слова пенсии
a Ключевые слова предложение труда
a Ключевые слова производительность труда
a Ключевые слова Российский мониторинг экономического положения и здоровья НИУ ВШЭ (РМЭЗ НИУ ВШЭ)
a Ключевые слова Россия
a Ключевые слова рынок труда
a Ключевые слова самоотбор в инвалидность
a Ключевые слова социальная политика
a Ключевые слова уровень занятости
a Ключевые слова физические барьеры
773 08 t Заглавие источника Экономический журнал ВШЭ
d Дата издания источника 2017
g Прочая информация Т. 21, № 3. - С. 385 - 411 : расчет., табл.
w Контрольный № источника DU/564500028
901 t Тип документа b